|
|
|
|
| LEADER |
00000ngm^a2200000^a^4500 |
| 001 |
000186894 |
| 005 |
20250521000000.0 |
| 009 |
20260310102240.502 |
| 037 |
|
|
|a Acervo ITESO - Biblioteca
|
| 041 |
|
|
|a ING
|
| 082 |
|
|
|a 810.
|b GIL
|
| 100 |
|
|
|a Gilliam, Terry
|e (realización)
|
| 240 |
1 |
4 |
|a [La jetée]
|
| 240 |
1 |
4 |
|a [La jetée. Adaptaciones]
|
| 240 |
1 |
1 |
|a [12 monos]
|
| 240 |
1 |
1 |
|a [Doce monos]
|
| 245 |
1 |
0 |
|a Doce monos =
|b 12 Monkeys /
|c Realización de T. Gilliam.
|
| 264 |
|
4 |
|a Universal City, EUA :
|b Universal Pictures,
|c c1995-1996
|
| 264 |
|
2 |
|a México :
|b Universal Pictures [distribución],
|c 2004, c2004
|
| 300 |
|
|
|a 1 DVD regiones 3 y 4 (129, 87 min.) :
|b color
|
| 336 |
|
|
|a imagen móvil bidimensional
|b tdi
|2 rdacontenido
|
| 337 |
|
|
|a video
|b v
|2 rdamedio
|
| 338 |
|
|
|a videodisco
|b vd
|2 rdasoporte
|
| 500 |
|
|
|a Basado en: La jetée, de Chris Marker
|
| 546 |
|
|
|a En inglés, con subtítulos opcionales: español, chino, coreano, inglés, portugués, thai
|
| 586 |
|
|
|a Premio de la Academia Japonesa de Cine (20°: 1996): Mejor Película Extranjera (finalista)
|
| 586 |
|
|
|a Diseño de Indumentaria y Moda: Premio Oscar, de la Academia Norteamericana de Cine (68°: 1995): Mejor Diseño de Vestuario (finalista: Julie Weiss)
|
| 649 |
|
|
|a XX
|
| 650 |
|
|
|a Cineastas Norteamericanos
|
| 650 |
|
|
|a Ficción Distópica
|
| 650 |
|
|
|a Películas de Ciencia-Ficción
|
| 650 |
|
|
|a Cine Fantástico
|
| 650 |
|
|
|a Remake (Medios Audiovisuales)
|
| 650 |
|
|
|a Making Of (Documentales detrás de Cámaras)
|
| 650 |
|
|
|a Cine Norteamericano -
|y 1990-1999
|
| 650 |
|
|
|a Cine Norteamericano -
|y Siglo XX
|
| 650 |
|
|
|a Cine Norteamericano -
|x Historia y Crítica
|
| 650 |
|
|
|a Epidemias
|
| 650 |
|
|
|a Fin del Mundo
|
| 650 |
|
|
|a Viaje en el Tiempo
|
| 650 |
|
|
|a Hospitales Psiquiátricos en el Cine
|
| 650 |
|
|
|a Filadelfia, EUA en el Cine
|
| 650 |
|
|
|a Pensilvania, EUA en el Cine
|
| 650 |
|
|
|a Gilliam, Terry
|
| 740 |
4 |
|
|a The Hamster Factor and Other Tales of Twelve Monkeys /
|c Realización de K. Fulton, L. Pepe.
|
| 700 |
|
|
|a Peoples, David Webb
|e (guión)
|
| 700 |
|
|
|a Peoples, Janet
|e (guión)
|
| 700 |
|
|
|a Pratt, Roger
|e (fotógrafo)
|
| 700 |
|
|
|a Weiss, Julie
|e (vestuario)
|
| 700 |
|
|
|a Audsley, Mick
|e (montaje)
|
| 700 |
|
|
|a Buckmaster, Paul
|e (música)
|
| 700 |
|
|
|a Willis, Bruce
|e (actuación)
|
| 700 |
|
|
|a Stowe, Madeleine
|e (actuación)
|
| 700 |
|
|
|a Pitt, Brad
|e (actuación)
|
| 700 |
|
|
|a Fulton, Keith
|e (realización)
|
| 700 |
|
|
|a Pepe, Louis
|e (realización)
|
| 700 |
|
|
|a Fulton, Keith
|e (guión)
|
| 700 |
|
|
|a Pepe, Louis
|e (guión)
|
| 700 |
|
|
|a Fulton, Keith
|e (fotógrafo)
|
| 700 |
|
|
|a Pepe, Louis
|e (fotógrafo)
|
| 700 |
|
|
|a Fulton, Keith
|e (montaje)
|
| 700 |
|
|
|a Pepe, Louis
|e (montaje)
|
| 700 |
|
|
|a Benskin, John
|e (música)
|
| 700 |
|
|
|a Fulton, Keith
|e (narración)
|
| 910 |
|
|
|a Fondo General
|
| 920 |
|
|
|a Audiovisuales - DVDs
|
| 940 |
|
|
|a Películas
|
| 905 |
|
|
|a 302
|
| 901 |
|
|
|a 0500123899
|b IT2
|c DVS
|u 20250521
|
| 902 |
|
|
|a https://opac.biblio.iteso.mx/vufind/Record/000186894
|